Actitudes de los estudiantes de nuevo ingreso ante la Prueba de Orientación y Medición Académica (POMA), de la Escuela de Psicología de la Universidad Dominicana O&M Sede Central. (Record no. 4578)

MARC details
000 -LEADER
campo de control de longitud fija 02543nam a2200541Ia 4500
001 - NÚMERO DE CONTROL
campo de control 4843
008 - DATOS DE LONGITUD FIJA--INFORMACIÓN GENERAL
campo de control de longitud fija 241029s9999 xx 000 0 und d
010 ## - NÚMERO DE CONTROL DE LA BIBLIOTECA DEL CONGRESO
Número de control de LC 4578
041 ## - CÓDIGO DE IDIOMA
Código de lengua del texto/banda sonora o título independiente Español
082 ## - NÚMERO DE LA CLASIFICACIÓN DECIMAL DEWEY
Número de clasificación T-Post-119 S211a
245 #0 - MENCIÓN DEL TÍTULO
Título Actitudes de los estudiantes de nuevo ingreso ante la Prueba de Orientación y Medición Académica (POMA), de la Escuela de Psicología de la Universidad Dominicana O&M Sede Central.
260 ## - PUBLICACIÓN, DISTRIBUCIÓN, ETC.
Lugar de publicación, distribución, etc. Distrito Nacional
300 ## - DESCRIPCIÓN FÍSICA
Extensión 84
520 ## - RESUMEN, ETC.
Sumario, etc. 51
520 ## - RESUMEN, ETC.
Sumario, etc. La presente investigación tiene como objetivo determinar las actitudes de los estudiantes de nuevo ingreso ante la Prueba de Orientación y Medición Académica (POMA).Las preguntas de investigación fueron: ¿Cuáles son las actitudes de los estudiantes de la zona urbana frente al POMA?, ¿cuáles son las actitudes de los de la zona rural frente al POMA?, ¿cuál es el nivel de conocimientos de estos estudiantes frente al POMA, según sean del sector público o privado?, y ¿cuáles son sus expectativas?Esta investigación es exploratoria y descriptiva, la muestra la constituyen doscientos veinticinco (225) estudiantes de nuevo ingreso de la Escuela de Psicología de la Universidad Dominicana O&M, a quienes se les aplicó un cuestionario.Se concluye que presentan una actitud de acuerdo, favorable y de agrado frente a la aplicación y resultados del POMA, prueba que conocieron al momento de inscribirse en la universidad; ellos esperaban que se les orientara a tomar la decisión de la elección de carrera de forma correcta. 
630 ## - PUNTO DE ACCESO ADICIONAL DE MATERIA--TÍTULO UNIFORME
Título uniforme Actitud de los Estudiantes
630 ## - PUNTO DE ACCESO ADICIONAL DE MATERIA--TÍTULO UNIFORME
Título uniforme Medición Académica
630 ## - PUNTO DE ACCESO ADICIONAL DE MATERIA--TÍTULO UNIFORME
Título uniforme Prueba de Orientación
650 ## - PUNTO DE ACCESO ADICIONAL DE MATERIA--TÉRMINO DE MATERIA
Término de materia o nombre geográfico como elemento de entrada Orientación
690 ## - PUNTO DE ACCESO ADICIONAL DE MATERIA LOCAL--TÉRMINO DE MATERIA (OCLC, RLIN)
Término de materia o nombre geográfico como elemento inicial Copiado sin cambios
700 ## - ENTRADA AGREGADA--NOMBRE PERSONAL
Término indicativo de función/relación asesor
Nombre de persona Pérez, Ruth
700 ## - ENTRADA AGREGADA--NOMBRE PERSONAL
Término indicativo de función/relación autor
Nombre de persona Sánchez Pérez, Carmen Emilia
901 ## - ELEMENTOS DE DATOS A LOCAL LDA (RLIN)
a {"1":"Sánchez Pérez"}
b {"1":"Carmen Emilia"}
902 ## - ELEMENTOS DE DATOS B LOCAL, LDB (RLIN)
a 1
903 ## - ELEMENTOS DE DATOS C LOCAL, LDC (RLIN)
a {"1":"Pérez"}
b {"1":"Ruth"}
904 ## - ELEMENTOS DE DATOS D LOCAL, LDD (RLIN)
a Magíster en
905 ## - ELEMENTOS DE DATOS E LOCAL, LDE (RLIN)
a Docencia Universitaria
906 ## - ELEMENTOS DE DATOS F LOCAL, LDF (RLIN)
a 2
907 ## - ELEMENTOS DE DATOS G LOCAL, LDG (RLIN)
a NO APLICA
908 ## - COLOCAR PARÁMETRO DE COMANDO (RLIN)
Colocar parámetro de comando NO APLICA
909 ## -
-- Universidad Adventista Dominicana (UNAD), Recinto Santo Domingo
910 ## - DATOS DE OPCIÓN DEL USUARIO (OCLC)
Datos de opción del usuario NULL
-- NULL
911 ## - EQUIVALENCIA O REFERENCIA-CRUZADA-NOMBRE DE CONFERENCIA O REUNIÓN/CONGRESO [LOCAL, CANADÁ]
Nombre de congreso/reunión o jurisdicción como elemento de entrada ["1"]
912 ## -
-- NO APLICA
913 ## -
-- NULL
914 ## -
-- 02 de Septiembre de 2013
915 ## -
-- 31/10/19 03:10
916 ## -
-- NULL
917 ## -
-- NULL
918 ## -
-- NO APLICA
919 ## -
-- ["5","222","220"]
921 ## -
-- 50
922 ## -
-- 50
923 ## -
-- 0
924 ## -
-- NO APLICA
942 ## - ELEMENTOS DE ENTRADA SECUNDARIOS (KOHA)
Tipo de ítem Koha

No items available.

© 2024. Todos los Derechos Reservados. Desarrollado por IDEICE